书目信息 |
| 题名: |
模式识别方法在化学化工中的应用
|
|
| 作者: | 陈念贻 著 | |
| 分册: | ||
| 出版信息: | 北京 科学出版社出版社 2000 |
|
| 页数: | 323 | |
| 开本: | 20cm | |
| 丛书名: | 计算机化学化工丛书 | |
| 单 册: | ||
| 中图分类: | TQ021.8 | |
| 科图分类: | ||
| 主题词: | 化工过程:物理过程 , 化工过程:物理化学过程 , 化工过程 | |
| 电子资源: | ||
| ISBN: | 7-03-008393-8 | |
| 000 | 00724nam0 2200229 450 | |
| 001 | 0754114953 | |
| 005 | 20070929150154.95 | |
| 010 | @a7-03-008393-8 | |
| 100 | @a20070929d km y0chiy0120 ea | |
| 101 | 0 | @achi |
| 200 | 1 | @a模式识别方法在化学化工中的应用@Amo shi shi bie fang fa zai hua xue hua gong zhong de ying yong@f陈念贻 等著@Fchen nian yi deng zhu |
| 210 | @a北京@c科学出版社出版社@d2000 | |
| 215 | @a323@c插图@d20cm | |
| 225 | 2 | @a计算机化学化工丛书 |
| 410 | 0 | @12001 @a计算机化学化工丛书 |
| 606 | 0 | @a化工过程:物理过程 |
| 606 | 0 | @a化工过程:物理化学过程 |
| 606 | 0 | @a化工过程 |
| 690 | @aTQ021.8@v3 | |
| 701 | 0 | @a陈念贻@Achen nian yi@4著 |
| 801 | 0 | @aCN@bPFT@c20070929 |
| 905 | @a213230@dTQ021.8@eh82@f1 | |
| 模式识别方法在化学化工中的应用/陈念贻 等著.-北京:科学出版社出版社,2000 |
| 323:插图;20cm.-(计算机化学化工丛书) |
| ISBN 7-03-008393-8: |
| ● |
| 相关链接 |
|
|
|
|
正题名:模式识别方法在化学化工中的应用
索取号:TQ021.8/h82
 
预约/预借
| 序号 | 登录号 | 条形码 | 馆藏地/架位号 | 状态 | 备注 |
| 1 | 6001225 | 260012257 | 密集书库-化学系/ [索取号:TQ021.8/h82] | 在馆 |